| 000 | 02228cam a22002891i 4500 | ||
|---|---|---|---|
| 003 | SA-RiAUC | ||
| 005 | 20260510143900.0 | ||
| 008 | 260502s2001 ||| g 00000 ara c | ||
| 040 |
_aSA-RiAUC _bara _cSA-RiAUC _erda |
||
| 082 | 0 | 4 | _a213 |
| 082 | 0 | 4 |
_a213 _qSA-RiAUC |
| 082 | 0 | 4 | _a210.71 |
| 090 |
_a213 _bن و و |
||
| 100 | 1 |
_aالنووي، يحيى بن شرف بن مري، _d631-676 هجري _eمؤلف. |
|
| 245 | 1 | 0 |
_aبستان العارفين / _cلأبي يحيى زكريا بن شرف النووي ؛ تقديم وتعليق عبدالمعز عبدالحميد الجزار. |
| 264 | 1 |
_aالقاهرة : _bمجلة الازهر، _c[2001] |
|
| 300 |
_aمجلد ؛ _c24 سم |
||
| 336 |
_aنص _btxt _2rdacontent _3كتاب |
||
| 337 |
_aبدون وسيط _bn _2rdamedia |
||
| 338 |
_aمجلد _bnc _2rdacarrier |
||
| 650 | 7 |
_aالإسلام _vمتفرقات _2aucsh |
|
| 700 | 1 |
_aرضوان، رضوان جامع _eمحقق. |
|
| 856 |
_uhttp://www.alwaraq.net/Core/AlwaraqSrv/bookpage?book=1049&option=1&fkey=2&page=1 _yDigital Copy _2 نرجو الانتباه لإمكانية وجود اختلاف في الطبعة أو الناشر بين البيانات على البوابة وما ستجده على الكتاب نظرا لمحدودية المعلومات المتاحة على الموقع الناشر للمادة. _3Please note that there may be a difference in the edition or publisher between the data on the portal and the book due to the limited information available on the publisher website for the material. |
||
| 856 |
_uhttp://www.alwaraq.net/Core/waraq/coverpage?bookid=1049&option=1 _yExternal Link _2 نرجو الانتباه لإمكانية وجود اختلاف في الطبعة أو الناشر بين البيانات على البوابة وما ستجده على الكتاب نظرا لمحدودية المعلومات المتاحة على الموقع الناشر للمادة. _3Please note that there may be a difference in the edition or publisher between the data on the portal and the book due to the limited information available on the publisher website for the material. |
||
| 942 |
_2ddc _cBOOK _n0 |
||
| 949 |
_aSA-JeALM _d260502 _umohamedma123 _n1 |
||
| 999 |
_c14917 _d14917 |
||